| 000 | 00414nam a2200145 i 4500 | ||
|---|---|---|---|
| 001 | 44345 | ||
| 003 | ES-MaACL | ||
| 005 | 20230906161017.0 | ||
| 007 | t| | ||
| 008 | 030321s1905 sp ||||1| spa d | ||
| 100 | 1 |
_aCiga y Mayo, Pedro. _938813 |
|
| 245 | 1 | 0 |
_aEstudio histórico-crítico del libro del Consulado del Mar / _cPedro Ciga y Mayo. |
| 260 |
_aMadrid : _bR. Fé, _c1905. |
||
| 852 |
_aES-MaACL _jT-1034-F-11 |
||
| 999 |
_c44345 _d44345 |
||